[Event "Tiago x Wagner - 01"]
[Site "http://www.queenalice.com/game.php?id=1087622"]
[Date "2012.7.28"]
[Round "-"]
[White "cybermalk"]
[Black "wageduardo"]
[Result "0-1"]
[WhiteElo "1753"]
[BlackElo "1315"]

1. e4 e5 2. Nf3 Nc6 3. Bb5 Nge7 4. Nc3 d6 5. Bxc6+ Nxc6 6. d4 exd4 7. Nxd4 Bd7
8. O-O Nxd4 9. Qxd4 c5 10. Qe3 b5 0-1

[Event "AUTO-OPEN-2756"]
[Site "http://www.queenalice.com/game.php?id=1089565"]
[Date "2012.8.2"]
[Round "1"]
[White "wageduardo"]
[Black "vincentlennon"]
[Result "0-1"]
[WhiteElo "1315"]
[BlackElo "1931"]

1. e4 e6 2. d4 d5 3. Nc3 Nf6 4. f3 Bb4 5. Bd2 Bxc3 6. Bxc3 dxe4 7. f4 Nd5 8. g3
Nxc3 9. bxc3 O-O 10. Bg2 f5 11. h4 b6 12. g4 Qd6 13. Qe2 Qxf4 14. Qf2 Qxg4 15.
Bh3 Qh5 16. Ne2 Ba6 17. Nf4 Qf7 18. Qg3 Nd7 19. Rg1 Bc4 20. Bf1 Bxf1 21. Kxf1 e5
22. dxe5 Nxe5 23. Ne6 Ng4 24. Nxf8 Rxf8 25. Ke2 Rd8 26. Rad1 Qc4+ 27. Ke1 Re8
28. Rd7 e3 29. Rf1 Qxc3+ 30. Ke2 Qxc2+ 31. Kf3 Qc6+ 32. Rd5 Qxd5+ 33. Kf4 h6 34.
Qf3 Qe5# 0-1

[Event "AUTO-OPEN-2756"]
[Site "http://www.queenalice.com/game.php?id=1089588"]
[Date "2012.8.2"]
[Round "1"]
[White "wageduardo"]
[Black "thigo"]
[Result "0-1"]
[WhiteElo "1351"]
[BlackElo "1642"]

1. d3 e5 2. e4 Bc5 3. Nh3 Nf6 4. Be3 Bxe3 5. fxe3 d6 6. Nc3 Ng4 7. Qe2 Nc6 8.
O-O-O O-O 9. Nd5 b5 10. d4 a5 11. c3 Ba6 12. Qxg4 b4 13. Bxa6 Rxa6 14. c4 b3 15.
axb3 Qb8 16. Rd3 a4 17. Kc2 a3 18. Ng5 Nb4+ 19. Nxb4 Qxb4 20. Qh4 h6 21. Nf3
axb2 22. Kxb2 Qa3+ 23. Kc3 Rb8 24. Nd2 Qa2 25. Qe7 Ra3 26. dxe5 Rbxb3+ 27. Nxb3
Qxb3+ 28. Kd4 Qxd3# 0-1

[Event "AUTO-OPEN-2756"]
[Site "http://www.queenalice.com/game.php?id=1089589"]
[Date "2012.8.2"]
[Round "1"]
[White "thigo"]
[Black "wageduardo"]
[Result "1-0"]
[WhiteElo "1602"]
[BlackElo "1500"]

1. g3 d5 2. Bg2 Nf6 3. b3 e6 4. c4 c6 5. Nc3 Bb4 6. cxd5 cxd5 7. Nh3 Nc6 8. O-O
a5 9. a3 Bxc3 10. dxc3 Ne4 11. Qd3 Ne5 12. Qd4 Qd6 13. Bxe4 Nc6 14. Qxg7 Qf8 15.
Qxf8+ Kxf8 16. Bd3 Bd7 17. Bb2 b6 18. Bb5 Ne5 19. c4 Bxb5 20. Bxe5 Rg8 21. cxb5
1-0

[Event "AUTO-OPEN-2756"]
[Site "http://www.queenalice.com/game.php?id=1089590"]
[Date "2012.8.2"]
[Round "1"]
[White "wageduardo"]
[Black "Lopesq"]
[Result "0-1"]
[WhiteElo "1315"]
[BlackElo "1744"]

1. d4 d5 2. e3 c6 3. Nc3 Nf6 4. h3 e6 5. Bd2 Nbd7 6. Nf3 Be7 7. Bd3 a6 8. a3 Qc7
9. g3 b5 10. Ne5 Nxe5 11. dxe5 Qxe5 12. f4 Qc7 13. g4 Ng8 14. g5 g6 15. b4 a5
16. Ne2 a4 17. Bc3 f6 18. gxf6 Bxf6 19. Nd4 Bb7 20. Qd2 Qd7 21. Be2 O-O-O 22.
O-O-O Qe7 23. Bg4 Rd6 24. Kb2 Kc7 25. h4 h5 26. Bf3 Nh6 27. Rdg1 Rg8 28. Rg2 Nf5
29. Nxf5 Bxc3+ 30. Qxc3 exf5 31. Qe5 Qxe5+ 32. fxe5 Re6 33. Kc3 Rxe5 34. Kd4 Re6
35. Rhg1 Kd6 36. Re2 Rf6 37. Bxh5 Rgf8 38. Bxg6 Bc8 39. Rgg2 f4 40. Re1 f3 41.
Rg3 f2 42. Rf1 Bd7 43. Rg4 Bxg4 44. Rxf2 Rxf2 0-1

[Event "AUTO-OPEN-2756"]
[Site "http://www.queenalice.com/game.php?id=1089591"]
[Date "2012.8.2"]
[Round "1"]
[White "Lopesq"]
[Black "wageduardo"]
[Result "1-0"]
[WhiteElo "1908"]
[BlackElo "1370"]

1. d4 d5 2. c3 g6 3. Nf3 Nc6 4. Bg5 f6 5. Bh4 Bg7 6. e3 Bf5 7. Nbd2 g5 8. Bg3 g4
9. Nh4 e6 10. Nxf5 exf5 11. Be2 a6 12. h3 Nh6 13. h4 b5 14. a3 Na5 15. b3 c6 16.
c4 bxc4 17. b4 Nb3 18. Nxb3 cxb3 19. Qxb3 Nf7 20. Qc2 Qd7 21. Bd3 Nd6 22. Bxd6
Qxd6 23. Bxf5 h5 24. Bg6+ Kf8 25. Bd3 a5 26. Qc5 Ke7 27. Qxd6+ Kxd6 28. O-O axb4
29. a4 Rhb8 30. Bg6 Rh8 31. Bf5 c5 32. dxc5+ Kxc5 33. Bd7 Kd6 34. Bb5 Rhe8 35.
Rab1 Re4 36. g3 f5 37. Rfc1 d4 38. Rxb4 dxe3 39. Rxe4 fxe4 40. Rc6+ Ke7 41. fxe3
Rf8 42. Rc7+ Kf6 43. Rc6+ Kf7 44. Rb6 Be5 45. Bc4+ Ke7 46. Rb7+ Kf6 47. a5 Bxg3
48. a6 Rb8 49. Rf7+ Ke5 50. a7 Rc8 51. Re7+ Kd6 52. Rb7 Kc5 53. Ba6 Kc6 54. Rb2
Rd8 55. Kg2 Bc7 56. Bb7+ Kc5 57. a8=Q Rxa8 58. Bxa8 Bd8 59. Bxe4 Bxh4 60. Rd2
Be7 61. Bg6 h4 62. Bf5 Bg5 63. Rd3 g3 64. e4 Bf4 65. Kf3 Bd6 66. Kg2 Kc6 67. Rd1
Be5 68. Rd5 Bb2 69. Rd2 Bf6 70. Rd7 Be5 71. Rh7 Kc5 72. Rxh4 Kd4 73. Rg4 Kc5 74.
Rxg3 Bxg3 75. Kxg3 Kd6 76. Kf4 Ke7 77. Ke5 Ke8 78. Ke6 Kd8 79. Bg6 Kc7 80. e5
Kc6 81. Ke7 Kd5 82. e6 Ke5 83. Kf7 Kd6 84. e7 Ke5 85. e8=Q+ Kf4 86. Qe4+ Kg3 87.
Qf5 Kh4 88. Qf4+ Kh3 89. Bf5+ Kg2 90. Be4+ Kh3 91. Qf3+ Kh4 92. Bf5 Kg5 93. Qg4+
Kh6 94. Qg6# 1-0

[Event "Challenge"]
[Site "http://www.queenalice.com/game.php?id=1096604"]
[Date "2012.8.26"]
[Round "-"]
[White "Rogerio11"]
[Black "wageduardo"]
[Result "0-1"]
[WhiteElo "1340"]
[BlackElo "1324"]

1. e4 e5 2. Bc4 d6 3. Qf3 Nh6 4. d3 Nc6 5. Bxh6 f6 6. Bc1 Nd4 7. Qd1 a6 8. Qh5+
g6 9. Nc3 gxh5 10. Rb1 Be6 11. Nf3 Nxf3+ 12. Ke2 Nd4+ 13. Kf1 Bxc4 14. dxc4 Nxc2
15. b3 Qd7 16. b4 b5 17. cxb5 axb5 18. Nd5 Qf7 19. Rb2 Nd4 20. a3 c6 21. Nb6
Rxa3 22. Rd2 Ra1 23. Rd1 Qb3 24. Ke1 Qxb4+ 25. Bd2 Nc2+ 26. Ke2 Qa3 27. h3 Nd4+
28. Ke1 Rxd1+ 29. Kxd1 b4 30. g4 b3 31. Bc1 Qa2 32. gxh5 b2 33. Bxb2 Qxb2 34.
Nc4 Qb3+ 35. Kd2 Qxc4 36. Rc1 Nb3+ 37. Kd1 Nxc1 38. f3 Rg8 39. h4 Rg1+ 40. Kd2
Qd3# 0-1

[Event "Challenge"]
[Site "http://www.queenalice.com/game.php?id=1099345"]
[Date "2012.9.3"]
[Round "-"]
[White "myouga"]
[Black "wageduardo"]
[Result "0-1"]
[WhiteElo "1359"]
[BlackElo "1262"]

1. d4 d5 2. Nc3 Nf6 3. Bf4 h6 4. Nb5 Na6 5. a3 c6 6. Nc3 e6 7. g4 Nxg4 8. e3 f5
9. h3 Nf6 10. Qe2 Qa5 11. b4 Nxb4 12. Nf3 Ne4 13. Nxe4 Nxc2+ 14. Kd1 Nxa1 15.
Qa2 dxe4 16. Ne5 Qxa3 17. Bc4 b5 18. Qxa3 Bxa3 19. Be2 Bb7 20. Ng6 Rg8 21. Kd2
Bb4+ 22. Kc1 a5 23. Kb2 a4 24. Rxa1 a3+ 25. Kb3 Ra4 26. Ne5 g5 27. Bg3 Bd6 28.
Bh5+ Ke7 29. Nf7 Bxg3 30. fxg3 Rga8 31. Ne5 a2 32. Ng6+ Kd6 33. Ne5 Ra3+ 34. Kb2
Rxe3 35. Nf7+ Kd5 36. Rxa2 Rxa2+ 37. Kxa2 Kxd4 38. Nxh6 Rxg3 39. Bf7 e3 40. Bxe6
e2 41. Nxf5+ Ke5 42. Nxg3 e1=Q 43. Bc8 Qxg3 44. Bxb7 Qf2+ 45. Ka3 Qa7+ 46. Kb4
Qxb7 47. Kc5 b4 48. h4 Qb5# 0-1

[Event "Challenge"]
[Site "http://www.queenalice.com/game.php?id=1105493"]
[Date "2012.9.22"]
[Round "-"]
[White "jbugg"]
[Black "wageduardo"]
[Result "1-0"]
[WhiteElo "1343"]
[BlackElo "1315"]

1. e4 e5 2. Nf3 Nc6 3. Bc4 h6 4. O-O Nf6 5. Nc3 Bb4 6. a3 Bxc3 7. dxc3 Nxe4 8.
Nh4 d6 9. Qf3 Nf6 10. Be3 Na5 11. Bd3 d5 12. b4 Nc4 13. Bxc4 dxc4 14. Nf5 O-O
15. Rfd1 Nd7 16. Qd5 Qf6 17. Qe4 Rd8 18. a4 c6 19. Ng3 Nb6 20. Nh5 Rxd1+ 21.
Rxd1 Qe7 22. Qf3 Nxa4 23. Qg3 Nxc3 24. Qxg7# 1-0

[Event "Challenge"]
[Site "http://www.queenalice.com/game.php?id=1109072"]
[Date "2012.10.3"]
[Round "-"]
[White "wageduardo"]
[Black "jbugg"]
[Result "1-0"]
[WhiteElo "1370"]
[BlackElo "1378"]

1. d4 d5 2. Nc3 Nf6 3. Bg5 Qd6 4. Nf3 Bf5 5. Bxf6 exf6 6. e3 Qb6 7. b3 Ba3 8.
Nxd5 Qa5+ 9. Qd2 Bb4 10. Nxb4 O-O 11. Nd5 Qxd5 12. c4 Qe6 13. Bd3 Bg4 14. Be2
Nc6 15. d5 Qd6 16. dxc6 Qxc6 17. Nd4 Qxg2 18. O-O-O Bd7 19. Bf3 Qg6 20. Bxb7
Rab8 21. Bc6 Bg4 22. f3 Bh5 23. Rdg1 Qh6 24. Nf5 Qg5 25. Rxg5 fxg5 26. Ne7+ Kh8
27. Qd7 Rbd8 28. Qxc7 Rd3 29. Qxa7 Rxe3 30. Qxe3 1-0

[Event "Challenge"]
[Site "http://www.queenalice.com/game.php?id=1109422"]
[Date "2012.10.4"]
[Round "-"]
[White "Rogerio11"]
[Black "wageduardo"]
[Result "0-1"]
[WhiteElo "1309"]
[BlackElo "1433"]

1. e4 e5 2. Bc4 Nf6 3. g4 Nxe4 4. Qf3 d5 5. Bb5+ c6 6. Bd3 Nc5 7. Bf5 g6 8. Bxc8
Qxc8 9. Nc3 f5 10. d3 fxg4 11. Qe3 Bd6 12. b4 d4 13. Qg5 dxc3 14. Qh6 Bf8 15.
Qe3 Ncd7 16. f3 c5 17. bxc5 Nxc5 18. Qxe5+ Qe6 19. d4 Nbd7 20. Qe2 gxf3 21. Nxf3
Ne4 22. Be3 Bb4 23. O-O Rf8 24. Rab1 a5 25. Bh6 Rf5 0-1

[Event "Challenge"]
[Site "http://www.queenalice.com/game.php?id=1124009"]
[Date "2012.11.19"]
[Round "-"]
[White "ArnoBlack"]
[Black "wageduardo"]
[Result "0-1"]
[WhiteElo "1737"]
[BlackElo "1454"]

1. g3 e5 2. Bg2 d5 3. e4 Nf6 4. exd5 Nxd5 5. c4 Nb4 6. Be4 c6 7. a3 Qd4 8. d3 f5
9. Nf3 Qd6 10. Bd2 Nxd3+ 11. Bxd3 Qxd3 12. Nxe5 Qe4+ 13. Be3 Qxh1+ 14. Ke2 Qxh2
15. Nc3 Nd7 16. Nf3 Qh5 17. Kd2 Nf6 18. Kc2 Ne4 19. Qd4 Qg6 20. Rd1 Bd6 21. Nxe4
fxe4 22. Ne5 Qe6 23. f4 c5 24. Qxe4 O-O 25. Qd3 Bxe5 26. Bxc5 Rf5 27. Qd8+ Kf7
28. Qd3 Bxf4 29. gxf4 Rxc5 30. b3 h5 31. a4 h4 32. Qd8 Qf5+ 33. Kb2 Qxf4 34.
Rd7+ Bxd7 35. Qxd7+ Kg6 36. Qe6+ Qf6+ 37. Qxf6+ gxf6 38. Kc3 h3 39. Kb4 b6 0-1

[Event "Challenge"]
[Site "http://www.queenalice.com/game.php?id=1124268"]
[Date "2012.11.21"]
[Round "-"]
[White "recchdegomm1"]
[Black "wageduardo"]
[Result "0-1"]
[WhiteElo "1320"]
[BlackElo "1407"]

1. e4 e5 2. Nf3 Nc6 3. d4 Bd6 4. Ng5 exd4 5. Bc4 Nh6 6. O-O f6 7. Nh3 Qe7 8. c3
Qxe4 9. f3 Qe5 10. f4 Qc5 11. b3 dxc3+ 12. Nf2 b5 13. Bd3 g6 14. a4 b4 15. Re1+
Ne7 16. Be3 Qd5 17. Ne4 Nhg8 18. Bc2 Bb7 19. a5 a6 20. Bd3 f5 21. Ng5 Qxg2# 0-1

[Event "Challenge"]
[Site "http://www.queenalice.com/game.php?id=1133877"]
[Date "2012.12.24"]
[Round "-"]
[White "recchdegomm1"]
[Black "wageduardo"]
[Result "0-1"]
[WhiteElo "1240"]
[BlackElo "1513"]

1. e4 e5 2. Nf3 Nc6 3. Bc4 Nf6 4. c3 d5 5. Bxd5 Nxd5 6. Qa4 Nf4 7. Nxe5 Bd7 8.
d4 Nxe5 9. Qa5 Ned3+ 10. Kf1 Nxc1 11. Qe5+ Qe7 12. Qxf4 Nd3 13. Qxc7 Qxe4 14.
Nd2 Qc6 15. Qg3 Nxb2 16. Qe5+ Qe6 17. Qc7 Bc8 18. Re1 Qe7 19. Rxe7+ Bxe7 20. Qe5
Na4 21. Qxg7 Rf8 22. Qxh7 Nxc3 23. Qc2 Nb5 24. a4 Nxd4 25. Qd3 Nc6 26. Ke2 Rg8
27. g3 Rg5 28. h4 Re5+ 29. Kf3 Bf5 30. Qc3 O-O-O 31. g4 Be6 32. Nc4 Rc5 33. g5
Rxc4 34. Qa3 Ne5+ 35. Kg3 Rg4+ 36. Kh3 Bxa3 37. a5 Rg1+ 38. Kh2 Nf3# 0-1

[Event "Challenge"]
[Site "http://www.queenalice.com/game.php?id=1136539"]
[Date "2013.1.3"]
[Round "-"]
[White "recchdegomm1"]
[Black "wageduardo"]
[Result "0-1"]
[WhiteElo "1249"]
[BlackElo "1503"]

1. e4 e5 2. Nc3 Nf6 3. d3 Bb4 4. Bd2 Nc6 5. g4 d6 6. g5 Ng4 7. f3 Bxc3 8. Bxc3
Ne3 9. Qe2 Nxf1 10. Qxf1 Qxg5 11. h4 Qe3+ 12. Ne2 Nd4 13. Bxd4 exd4 14. Rg1 g6
15. c3 dxc3 16. Rc1 cxb2 17. Rg3 bxc1=Q# 0-1

[Event "Challenge"]
[Site "http://www.queenalice.com/game.php?id=1148028"]
[Date "2013.2.2"]
[Round "-"]
[White "recchdegomm1"]
[Black "wageduardo"]
[Result "0-1"]
[WhiteElo "1220"]
[BlackElo "1527"]

1. e4 e5 2. d4 exd4 3. Nf3 c5 4. b3 Nf6 5. Bd3 Nc6 6. Bc4 h6 7. O-O Nxe4 8. Re1
f5 9. Nfd2 d5 10. f3 dxc4 11. fxe4 c3 12. Nc4 Be7 13. Qh5+ Kf8 14. exf5 b5 15.
Ne5 Nxe5 16. Rxe5 Qd6 17. Bf4 b4 18. Qf3 Bxf5 19. Qxa8+ Qd8 20. Rxf5+ Kg8 21.
Qxa7 d3 22. cxd3 Qd4+ 23. Kh1 Qxd3 24. Qa8+ Kh7 25. g4 Qf1# 0-1

[Event "Challenge"]
[Site "http://www.queenalice.com/game.php?id=1152753"]
[Date "2013.2.17"]
[Round "-"]
[White "recchdegomm1"]
[Black "wageduardo"]
[Result "1-0"]
[WhiteElo "1218"]
[BlackElo "1532"]

1. d4 d5 2. Nf3 Nc6 3. e3 Nf6 4. c4 e6 5. Nc3 Bb4 6. a3 Bxc3+ 7. bxc3 dxc4 8.
Bxc4 Bd7 9. Rb1 b6 10. Rb5 a6 11. Rg5 O-O 12. Qe2 Ne4 13. Rh5 Nxc3 14. Qd3 Na4
15. Qxh7# 1-0

[Event "Challenge"]
[Site "http://www.queenalice.com/game.php?id=1156768"]
[Date "2013.3.2"]
[Round "-"]
[White "recchdegomm1"]
[Black "wageduardo"]
[Result "0-1"]
[WhiteElo "1268"]
[BlackElo "1525"]

1. e4 Nc6 2. Nf3 d6 3. Bc4 Nf6 4. d3 e6 5. O-O d5 6. exd5 exd5 7. Re1+ Be6 8.
Bb3 h6 9. a4 Bc5 10. d4 Bd6 11. a5 O-O 12. Ba4 Nxa5 13. h3 Ne4 14. Bd2 Nc4 15.
Qc1 c6 16. b3 Ncxd2 17. Nbxd2 Nxd2 18. Qxd2 b5 19. c4 dxc4 20. Ne5 cxb3 21. Nxc6
Qb6 22. d5 bxa4 23. dxe6 Qxc6 24. Qd4 a3 25. Rec1 Qb6 26. Qe4 b2 27. e7 Rfe8 28.
h4 a2 29. Qe1 Bxe7 30. g4 Bg5 31. Qd1 bxc1=Q 32. Rxc1 Bxc1 33. Qxc1 Qb1 34. Qxb1
axb1=Q+ 35. Kg2 Qe1 36. f3 Re2+ 37. Kh3 Qf2 38. g5 Qg2# 0-1

[Event "Challenge"]
[Site "http://www.queenalice.com/game.php?id=1156859"]
[Date "2013.3.2"]
[Round "-"]
[White "wageduardo"]
[Black "ArnoBlack"]
[Result "1-0"]
[WhiteElo "1494"]
[BlackElo "1717"]

1. d4 d5 2. Nf3 f6 3. Nc3 a6 4. e4 dxe4 5. Nxe4 e6 6. c3 Nc6 7. Bd3 Nge7 8. O-O
e5 9. dxe5 fxe5 10. Neg5 h6 11. Bc4 Qxd1 12. Bf7+ Kd8 13. Rxd1+ Bd7 14. Be6 hxg5
15. Bxd7 Rh6 16. Bxc6+ Kc8 17. Bd7+ Kd8 18. Nxe5 Rd6 19. Bxg5 a5 20. Be6 Ke8 21.
Bf7+ Kd8 22. Bh5 Ra6 23. Ng6 Kc8 24. Nxe7+ Kb8 25. Nf5 a4 26. Nxd6 cxd6 27. Re1
Ra5 28. Re8+ Kc7 29. Bd8+ 1-0

[Event "Challenge"]
[Site "http://www.queenalice.com/game.php?id=1169332"]
[Date "2013.4.7"]
[Round "-"]
[White "ArnoBlack"]
[Black "wageduardo"]
[Result "0-1"]
[WhiteElo "1680"]
[BlackElo "1540"]

1. d4 d5 2. Nc3 Nf6 3. Nf3 e6 4. a3 Nc6 5. e3 Bd6 6. h3 Ne4 7. Nb5 a6 8. Nxd6+
Nxd6 9. Bd3 Qf6 10. Bd2 Ne4 11. Qe2 Bd7 12. Bxe4 dxe4 13. Nh2 h5 14. f3 Ne7 15.
fxe4 Qh4+ 16. Qf2 Qxe4 17. O-O Nf5 18. Rac1 f6 19. Qf4 Qxf4 20. Rxf4 Ng3 21. Re1
g5 22. Rf3 Ne4 23. Bb4 a5 24. Bc3 Ke7 25. Nf1 Bc6 26. h4 Nxc3 27. bxc3 Bxf3 28.
gxf3 gxh4 29. e4 Rag8+ 30. Kf2 h3 31. Ne3 h4 32. Rh1 Rg3 33. c4 Rhg8 34. d5 Rg2+
35. Nxg2 hxg2 36. Rg1 h3 37. d6+ Kxd6 38. Rd1+ Ke5 39. Kg1 Kf4 40. Kh2 Kxf3 41.
Rd3+ Ke2 42. Kg1 h2+ 0-1

[Event "Challenge"]
[Site "http://www.queenalice.com/game.php?id=1170356"]
[Date "2013.4.11"]
[Round "-"]
[White "recchdegomm1"]
[Black "wageduardo"]
[Result "0-1"]
[WhiteElo "1310"]
[BlackElo "1532"]

1. d4 d5 2. Nf3 Nc6 3. Nc3 Bg4 4. e4 dxe4 5. Nxe4 Nxd4 6. c3 Nxf3+ 7. gxf3 Qxd1+
8. Kxd1 Bxf3+ 9. Kc2 Bxe4+ 10. Bd3 Bxh1 11. Bf4 Bc6 12. Bxc7 Nf6 13. b4 Ng4 14.
b5 Rc8 15. Bg3 Bd7 16. h3 Nf6 17. Rb1 Bxh3 18. b6 axb6 19. Bf5 Bxf5+ 20. Kb2
Bxb1 21. Kxb1 Rxc3 22. a4 Ne4 23. Be5 Nd2+ 24. Kb2 Rc4 25. Bb8 Rxa4 26. Kc3 Ra8
27. Bf4 Ne4+ 28. Kd3 Nxf2+ 29. Ke3 Ng4+ 30. Kf3 Nf6 31. Be5 Ra3+ 32. Kf4 h5 33.
Kf5 Ra4 34. Bd4 Rxd4 35. Ke5 Re4+ 36. Kf5 g6+ 37. Kg5 Bh6# 0-1